000 00633nam a2200217Ii 4500
001 11112
003 CO-ViMGA
008 241108s9999||||xx |||||||||||||| ||und||
020 _a958928132X
040 _aCO-ViMGA
_bspa
_erda
_cCO-ViMGA
041 0 _aunk
082 0 4 _a510-C363
100 1 _aMarilyn E. Cathcast B.
_956198
245 1 0 _aMatemáticas 3
264 1 _a[Lugar de publicación no identificado] : Alberto Lleras Camargo, 1999
300 _avolumen
336 _atext
_btxt
_2rdacontent
337 _aunmediated
_bn
_2rdamedia
338 _avolume
_bnc
_2rdacarrier
940 _aidficha_siabuc: 10851. -- ficha_no_siabuc:11112
999 _c54019
_d54019